000 00482cam a2200193ua 4500
001 4186
005 20260515113811.0
008 111220n ii |||gr||||Z||||||asm
040 _cMAIN
082 _a891.4513
100 1 _aBezbarua, Lakshminath,
245 1 1 _aBarbaruar bulani
_cby Lakshminath Bezbarua
250 _a2nd.
260 _aGuwahati:
_bSahitya prakash,988.
300 _a280p:
_c23cm.
653 _aAssamese short stories
653 _aBarbaruar bulani
942 _cBK
999 _c4004
_d4004